Statistics for Luke's Dictionary-Random words from languages I know

Click here to take the quiz!

General Stats

  • This quiz has been taken 32 times
  • The average score is 13 of 23

Answer Stats

HintAnswer% Correct
Spanish: grandebig
96%
Portuguese: verdegreen
93%
French: bonjourhello
93%
Spanish: casahouse
93%
Spanish: dostwo
93%
German: FÜNFfive
89%
German: freundfriend
89%
Russian: Babushkagrandmother
85%
German: meinemy
85%
Spanish: gatocat
81%
Belarusian: biblijatekalibrary
74%
French: duof
70%
Dutch: honddog
67%
German:
natürlich
of course
41%
Spanish: vestirdress
37%
Turkish: benI
30%
Czech: cowhat
30%
Norwegian: hvemwho
26%
Russian: etothis is
19%
Dutch: leuk vindenlike
15%
Polish: ciastkocookie
11%
Mandarin: bāngzhùhelp
11%
Portuguese: sãothey are
7%

Score Distribution

Percentile by Number Answered

Percent of People with Each Score

Your Score History

You have not taken this quiz